Представление документа в формате MARC21

ПолеНазваниеЗначение
  Тип записи a
  Библиографический уровень m
001 Контрольный номер RU\infra-m\znanium\bibl\2225354
005 Дата корректировки 20260429142111.9
008 Кодируемые данные 250905s2025 RU g rus u
020 Индекс ISBN __
a ISBN 978-5-9729-2227-7
040 Источник каталогиз. __
a Служба первич. каталог. Общество с ограниченной ответственностью «ЗНАНИУМ»
041 Код языка издания __
a Код языка текста rus
044 Код страны публикации __
a Код страны публикации RU
080 Индекс УДК __
a Индекс УДК 621
084 Индекс другой классификации/Индекс ББК __
2 Источник индекса rubbk
a Индекс другой классификации/Индекс ББК 312
084 Индекс другой классификации/Индекс ББК __
2 Источник индекса okso
a Индекс другой классификации/Индекс ББК 13.03.02
084 Индекс другой классификации/Индекс ББК __
2 Источник индекса okso
a Индекс другой классификации/Индекс ББК 13.04.02
084 Индекс другой классификации/Индекс ББК __
2 Источник индекса okso
a Индекс другой классификации/Индекс ББК 15.03.04
100 Автор __
a Автор Мозохин А.Е.
q Полное имя Мозохин Андрей Евгеньевич
u Дополнение Костромской государственный университет
245 Заглавие __
a Заглавие Цифровые технологии в управлении объектами электросетевых комплексов
b Продолж. заглавия Учебное пособие
c Ответственность Костромской государственный университет
250 Сведения об издании __
a Основные сведения об издании 1
260 Выходные данные __
a Место издания Вологда
b Издательство Инфра-Инженерия
c Дата издания 2025
300 Физическое описание __
a Объем 140 с.
520 Аннотация __
a Аннотация Проанализирована текущая и перспективная ситуации с внедрением цифровых технологий в электроэнергетическую систему России рассмотрены рекомендации по формированию современной структуры интеллектуальной электрической сети обеспечивающей оптимальное энергопотребление ресурсов снижение информационного трафика между компонентами систем в сети при сохранении комфортного состояния для потребителей. Для бакалавров магистрантов и аспирантов по направлениям подготовки связанным с управлением в технических системах автоматизацией и управлением технологическими процессами и производствами с электроэнергетикой и информационными технологиями а также для специалистов работающих в электроэнергетических отраслях народного хозяйства.
521 Примеч. о цел. назн. __
a Примеч. о целев. назн. ВО - Бакалавриат
650 Тематические рубрики __
a Основная рубрика Промышленность. Энергетика
x Основная подрубрика Электроэнергетика. Электротехника
655 Указ. предметных рубрик (устаревшее) __
a Жанр/ форма (устаревшее) Учебное пособие
700 Другие авторы __
a Другие авторы Староверов Б.А.
q Полное имя Староверов Борис Александрович
u Дополнение Костромской государственный университет
856 Электронный адрес документа 4_
a Имя сервера/домена znanium.ru
m Помощь ebs_support@infra-m.ru
n Местонахождение сервера НИЦ ИНФРА-М
u URL https://znanium.ru/catalog/document?id=469357
856 Электронный адрес документа 48
a Имя сервера/домена znanium.ru
d Путь /cover/2225
f Электронное имя 2225354.jpg
q Тип электронного формата image/jpeg
u URL https://znanium.ru/cover/2225/2225354.jpg
911 __
u 0030=https://znanium.ru/catalog/document?id=469357